A kórházi sürgősségi ellátás alapjai hasi fájdalom /
Elmentve itt :
| Szerző: | |
|---|---|
| Dokumentumtípus: | Könyv |
| Megjelent: |
2015
|
| Kulcsszavak: | belgyógyászat sürgősségi betegellátás |
| Tárgyszavak: | |
| Online Access: | http://eta.bibl.u-szeged.hu/965 |
| LEADER | 00859nnm a2200253 i 4500 | ||
|---|---|---|---|
| 001 | eta965 | ||
| 005 | 20190411115618.0 | ||
| 008 | 181121s2015 hu o 0|| hun d | ||
| 040 | |a SZTE Elektronikus Tananyag Archívum |b hun | ||
| 041 | |a hun | ||
| 100 | 1 | |a Schneider Erzsébet | |
| 245 | 1 | 2 | |a A kórházi sürgősségi ellátás alapjai |h [elektronikus dokumentum] : |b hasi fájdalom / |c Schneider Erzsébet |
| 260 | |c 2015 | ||
| 300 | |a 12 | ||
| 516 | |a Book | ||
| 650 | 4 | |a Orvos- és egészségtudomány | |
| 650 | 4 | |a Klinikai orvostan | |
| 650 | 4 | |a Általános- és belgyógyászat | |
| 650 | 4 | |a Intenzív és sürgősségi ellátás | |
| 650 | 4 | |a Sürgősségi ellátás | |
| 695 | |a belgyógyászat | ||
| 695 | |a sürgősségi | ||
| 695 | |a betegellátás | ||
| 856 | 4 | 0 | |u https://eta.bibl.u-szeged.hu/965/1/schneider_erzsebet_hasi_fajdalom.pdf |z Dokumentum-elérés |